Národnosti - osobitná skupina obyvateľstva v ústavnej úprave ČSSR

Bibliographic Details
Main Author: Somorová, Ľudmila, 1950- (Author)
Format: Article
Language:Slovak
PhysicalDescription:Res. rus., angl., lit. 19 zázn. v slov., češ., ruš.
Subjects:

MARC

LEADER 00000nab a2200000 a 4500
001 vtls000361105
003 SK-MaSNL
005 20260303161510.0
008 230223c1989 xo 0 slo
015 |a SNBRB19rr/mm-uuuuu 
035 |a CL0361227 
035 |a urn:nbn:sk:snk-ab29ep 
035 |a (urnnbn)urn:nbn:sk:snk:ar-a01zfp 
035 |a (uuid)013f23c1-e17d-49d2-ae32-45b2dbaaddb4 
040 |a SNKBUCL  |b slo  |c SNKBUCL  |e AACR2 
041 0 |a slo 
044 |a xo  |c SK 
080 |a 342.72/.73  |2 1981 
080 |a 323.1  |2 1981 
100 1 |a Somorová, Ľudmila,  |d 1950-  |4 aut  |9 199794 
245 1 0 |a Národnosti - osobitná skupina obyvateľstva v ústavnej úprave ČSSR  |c Ľudmila Somorová 
300 |b Res. rus., angl., lit. 19 zázn. v slov., češ., ruš. 
650 0 7 |a otázky národnostné  |2 snkbucl  |9 661872 
650 0 7 |a práva národnostné  |2 snkbucl  |9 1183985 
655 7 |a články z novín a časopisov  |2 snkbucl  |9 267496 
773 0 |t Právny obzor  |g Roč. 72, č. 1 (1989), s. 76-85 
850 |a Slovenská národná knižnica v Martine  |a MTA001 
852 |a SNK  |b KIS3GCP 
954 |a odborná, vedecká literatúra pôvodná (slovenská)  |2 lita 
958 |a NB 
958 |a RK 
958 |a OND 
958 |a EUIPO 
958 |a article27 
992 |a RBX 
999 |c 2049525  |d 2051455